000 00729nam a2200289Ia 4500
005 20260324144146.0
008 008 260324s9999 xx 000 0 eng d
020 _a9780203768907
037 _aEBOOK
040 _aCRL
040 _beng
040 _cCRL
041 _2eng
041 _aeng
084 _qCRL
100 _aEdward B Barbier
_91218308
245 0 _aEconomics, Natural-Resource Scarcity and Development (Routledge Revivals)
245 0 _bConventional and Alternative Views
260 _bTaylor and Francis
260 _c1989
365 _a
365 _b265
856 _uhttp://www.taylorfrancis.com/books/9780203768907
942 _cEBOOK
999 _c1824556
_d1824556